000 00333nam a22001337a 4500
003 SGT
020 _a9788179102015
082 _a371.4,SUN
100 _aSUNDARAM, G.
245 _aPRINCIPLES AND PRACTICE OF GUIDANCE AND COUNSELLING
260 _aJAIPUR
_bAAVISHKAR PUBLISHERS DISTRIBUTORS
_c2021
300 _a197
942 _2ddc
_cBK
999 _c34048
_d34048